| 000 | 00941cam a22003013a 4500 | ||
|---|---|---|---|
| 001 | 9980 | ||
| 003 | PGUSA | ||
| 005 | 20140828083218.0 | ||
| 008 | 060201s2006||||xxu|||||s|||||000 1 eng d | ||
| 040 |
_aPGUSA _beng |
||
| 042 | _adc | ||
| 050 | 4 | _aPQ | |
| 100 | 1 |
_aJiménez, Juan Ramón, _d1881-1958 |
|
| 245 | 1 | 0 |
_aPlatero y yo _h[electronic resource] / _cJuan Ramón Jiménez |
| 260 |
_bProject Gutenberg, _c2006 |
||
| 506 | _aPublic domain in the USA. | ||
| 516 | _aElectronic text | ||
| 653 | _aAndalusia (Spain) -- Social life and customs -- Fiction | ||
| 653 | _aDonkeys -- Fiction | ||
| 653 | _aAuthors -- Fiction | ||
| 700 | 1 |
_aPetersham, Maud Fuller, _d1890-1971 |
|
| 700 | 1 |
_aPetersham, Miska, _d1888-1960 |
|
| 700 | 1 |
_aWalsh, Gertrude M. _q(Gertrude Margaret), _d1884- |
|
| 700 | 1 |
_aOnís, Federico de, _d1885-1966 |
|
| 830 | 0 |
_aProject Gutenberg _v9980 |
|
| 856 | 4 | 0 | _uhttp://www.gutenberg.org/ebooks/9980 |
| 942 | _cEB | ||
| 999 |
_c239236 _d239236 |
||